|
|
|
|
| LEADER |
00609nta a2200157 i 4500 |
| 001 |
dipl55893 |
| 005 |
20160324111024.0 |
| 008 |
160321s1997 hu om 0|| ger d |
| 040 |
|
|
|a SZTE Diploma Repozitórium
|b hun
|
| 041 |
|
|
|a ger
|
| 100 |
1 |
|
|a Nesztler Judit
|
| 245 |
1 |
0 |
|a Geschichte der Ansiedlung der Deutschen in Ungarn mit Rückblick auf die gemeinde Mór zwischen 1697 und 1770
|h [elektronikus dokumentum] /
|c Judit Nesztler
|
| 260 |
|
|
|c 1997
|
| 650 |
|
4 |
|a Bölcsészettudományok
|
| 700 |
1 |
|
|a Hansel István
|e ths
|
| 856 |
4 |
0 |
|u http://diploma.bibl.u-szeged.hu/id/eprint/55893/1/1997_nesztler_judit.pdf
|z Dokumentum-elérés
|